000 00247nam a22001217a 4500
003 SGT
082 _a823
_bGRI
100 _aGRISHAM JOHN
245 _aTHE CONFESSION
260 _aLONDON
_bCENTURY PUB
_c2010
300 _a418
942 _2ddc
_cBK
999 _c33705
_d33705